00515cam a22002171 4500001001300000003000400013005001700017008004100034010001700075035002000092040001800112042001200130050001900142100003800161245000800199260001100207300002200218500001400240504002600254999001700280sa 65001840 DLC20260227112112.0891214s1964 ii b 000 0 hino  asa 65001840  a(OCoLC)20783128 aDLCcWaUdDLC apremarc00aPK2098.M22bJ61 aMachwe, Prabhakar Balvant,d1917-10aJo. c[1964] a7, 148 p.c19 cm. aIn Hindi. aBibliography: p. 148. c62275d62275